| 000 | 00556pam a2200205 a 4500 | ||
|---|---|---|---|
| 020 |
_a9780781769372 _c8118.00 |
||
| 041 |
_aeng _hNULL |
||
| 082 |
_a618 _bGIB/KAR |
||
| 100 | _aGIBBS, R . | ||
| 245 |
_aDANFORTH`S OBSTETRICS & GYNAECOLOGY / _cNULL. _hTextual Documents |
||
| 250 |
_a10 / _b. |
||
| 260 |
_aNULL : _bLIPPINCOTT WILLIAMS & WILKINS , _c2008. |
||
| 300 |
_a1136 : _bXII ; _cA4 . |
||
| 365 |
_a8118.00 _e1 |
||
| 700 |
_aKARLAN, B . _aHANEY, A . |
||
| 907 | _a8123 | ||
| 930 | _a3698 | ||
| 999 |
_c798232 _d798232 |
||
| 650 | _aOBST.GYNE | ||